| 000 | 01135nam a22003255a 4500 | ||
|---|---|---|---|
| 003 | EG-ScBUE | ||
| 005 | 20220405114255.0 | ||
| 008 | 110530s2009 ua f d 0000 feeng d | ||
| 020 | _a9774161904 | ||
| 020 | _a9789774161902 | ||
| 040 |
_aEG-ScBUE _beng _erda _cEG-ScBUE _dEG-ScBUE |
||
| 041 | 1 |
_aeng _hara |
|
| 082 | 0 | 4 |
_a892.736 _bGHI _222 |
| 100 | 1 |
_aGhīṭānī, Jamāl, _eauthor. |
|
| 245 | 1 | 4 |
_aThe Zafarani files / _cGamal al-Ghitani ; translated by Farouk Abdel Wahab. |
| 264 | 1 |
_aCairo ; _aNew York : _bThe American University in Cairo Press, _c2009. |
|
| 300 |
_a335 pages ; _c24 cm. |
||
| 336 |
_2rdacontent _atext _btxt |
||
| 337 |
_2rdamedia _aunmediated _bn |
||
| 338 |
_2rdacarrier _avolume _bnc |
||
| 490 | 0 | _aModern Arabic literature | |
| 500 | _aincludes glossary. | ||
| 546 | _aText in English ; translated from the original Arabic. | ||
| 650 | 7 |
_aManners and customs. _2BUEsh _930686 |
|
| 651 | 7 |
_aCairo (Egypt) _xSocial life and customs _vFiction. _2BUEsh |
|
| 653 |
_bARALIT _cMay2011 _cDecember2017 |
||
| 655 |
_vReading book _934232 |
||
| 700 | 1 |
_aAbdel Wahab, Farouk, _etranslator. _95803 |
|
| 942 |
_2ddc _cBB |
||
| 999 |
_c15474 _d15474 |
||